Sports Quiz

Random Sports or Baseball Quiz

MLB All-Star Shortstops (AL) Quiz Stats

 Plays Quiz Updated Jul 19, 2018

Challenge
Share
Tweet
Embed
Score 0/89 Timer 10:00
18 Plays Today
Year Name % Correct
2004Derek Jeter
99.3%
2000Derek Jeter
99.3%
2006Derek Jeter
99.3%
2007Derek Jeter
99.3%
2008Derek Jeter
99.3%
2009Derek Jeter
99.3%
2012Derek Jeter
99.3%
2014Derek Jeter
98.9%
2010Derek Jeter
96.2%
1984Cal Ripken
95.8%
1985Cal Ripken
95.8%
1986Cal Ripken
95.8%
1987Cal Ripken
95.8%
1988Cal Ripken
95.8%
1989Cal Ripken
95.8%
1990Cal Ripken
95.8%
1991Cal Ripken
95.8%
1992Cal Ripken
95.8%
1993Cal Ripken
95.8%
1994Cal Ripken
95.8%
1995Cal Ripken
95.8%
1996Cal Ripken
95.8%
2001Cal Ripken
95.8%
1997Alex Rodriguez
88.6%
1998Alex Rodriguez
88.6%
2003Alex Rodriguez
88.6%
2002Alex Rodriguez
88.6%
2018Manny Machado
77.6%
1999Nomar Garciaparra
77%
1982Robin Yount
73.4%
Year Name % Correct
1983Robin Yount
73.4%
2017Carlos Correa
71.4%
2005Miguel Tejada
65.1%
2013J.J. Hardy
57.6%
2016Xander Bogaerts
51.7%
2011Asdrubal Cabrera
50%
2015Alcides Escobar
46.9%
1958Luis Aparicio
42.1%
1959 (1)Luis Aparicio
42.1%
1959 (2)Luis Aparicio
42.1%
1961 (2)Luis Aparicio
42.1%
1962 (1)Luis Aparicio
42.1%
1962 (2)Luis Aparicio
42.1%
1970Luis Aparicio
42.1%
1971Luis Aparicio
42.1%
1950Phil Rizzuto
39.8%
1952Phil Rizzuto
39.8%
1980Bucky Dent
34.7%
1981Bucky Dent
34.7%
1973Bert Campaneris
31%
1974Bert Campaneris
31%
1975Bert Campaneris
31%
1936Luke Appling
26%
1940Luke Appling
26%
1978Freddie Patek
22.6%
1942Lou Boudreau
22%
1947Lou Boudreau
22%
1948Lou Boudreau
22%
1967Rico Petrocelli
20.9%
1969Rico Petrocelli
20.9%
Year Name % Correct
1933Joe Cronin
18.7%
1934Joe Cronin
18.7%
1935Joe Cronin
18.7%
1937Joe Cronin
18.7%
1938Joe Cronin
18.7%
1939Joe Cronin
18.7%
1941Joe Cronin
18.7%
1963Zoilo Versalles
18%
1977Rick Burleson
17.9%
1946Johnny Pesky
17.6%
1964Jim Fregosi
17.5%
1968Jim Fregosi
17.5%
1979Roy Smalley
17.1%
1961 (1)Tony Kubek
17%
1976Toby Harrah
16%
1972Bobby Grich
15.2%
1965Dick McAuliffe
11%
1966Dick McAuliffe
11%
1943Vern Stephens
10.3%
1944Vern Stephens
10.3%
1955Harvey Kuenn
9.7%
1956Harvey Kuenn
9.7%
1957Harvey Kuenn
9.7%
1960 (1)Ron Hansen
6.9%
1960 (2)Ron Hansen
6.9%
1951Chico Carrasquel
6.7%
1953Chico Carrasquel
6.7%
1954Chico Carrasquel
6.7%
1949Eddie Joost
4.5%

You're not logged in!

Compare scores with friends on all Sporcle quizzes.
Join for Free
OR
Log In

You Might Also Like...

Show Comments

Extras

Top Quizzes Today


Score Distribution

Your Account Isn't Verified!

In order to create a playlist on Sporcle, you need to verify the email address you used during registration. Go to your Sporcle Settings to finish the process.

Report this User

Report this user for behavior that violates our Community Guidelines.

Details: